Coto Sur. Región de desarrollo agrario
Guardado en:
| Autor principal: | |
|---|---|
| Formato: | Texto |
| Publicado: |
San José:
ITCO
|
| Etiquetas: |
Agregar Etiqueta
Sin Etiquetas, Sea el primero en etiquetar este registro!
|
MARC
| LEADER | 00000 a a2200000 04500 | ||
|---|---|---|---|
| 001 | 14998 | ||
| 003 | |||
| 040 | |a CRAI/IIS |c CRAI/IIS | ||
| 090 | |a 023600 | ||
| 100 | |a Salazar Navarrete, José Manuel | ||
| 245 | |a Coto Sur. Región de desarrollo agrario | ||
| 260 | |a San José: |b ITCO | ||
| 300 | |a 8 p. | ||
| 999 | |c 16012 |d 16012 | ||
